000 00287nam a22001337a 4500
008 170522b xxu||||| |||| 00| 0 eng d
020 _a9780801062117
041 _aeng
080 _22ND
_a94
100 _a16
101 _aSHH
245 _aTURNING POINT
_cNOLL, M.A
942 _2udc
_cBK
999 _c13797
_d13797